Loading...
| Fine Arts - Classical Music | 0 | 3 | 0 | 1 | 30 | 95 | 110.67 | 0 | 0 | 2.50 | 8.44 |
| History - World | 0 | 2 | 0 | 0 | 20 | 51 | 67.50 | 0 | 0 | 6.52 | 3.73 |
| Social Science | 0 | 2 | 0 | 1 | 20 | 82 | 92.50 | 0 | 1 | 3.59 | 14.06 |
| Pop Culture | 0 | 2 | 0 | 0 | 20 | 49 | 80.00 | 1 | 1 | 9.33 | 18.75 |
| Science - Biology | 0 | 2 | 0 | 0 | 20 | 77 | 84.50 | 0 | 0 | 3.51 | 4.55 |
| History - American | 0 | 2 | 1 | 0 | 15 | 67 | 75.50 | 0 | 0 | 4.93 | 6.17 |
| Current Events | 0 | 1 | 0 | 0 | 10 | 69 | 69.00 | 0 | 0 | 6.12 | 8.33 |
| History - European | 0 | 1 | 0 | 0 | 10 | 62 | 62.00 | 0 | 0 | 3.97 | 5.68 |
| Literature - European | 0 | 1 | 0 | 0 | 10 | 98 | 98.00 | 0 | 0 | 1.34 | 1.14 |
| Philosophy | 0 | 1 | 0 | 0 | 10 | 100 | 100.00 | 0 | 0 | 0.14 | 1.79 |
| Religion | 0 | 2 | 2 | 1 | 10 | 108 | 116.00 | 0 | 0 | 0.25 | 13.64 |
| Science - Other | 0 | 1 | 0 | 1 | 10 | 109 | 109.00 | 0 | 0 | 0.00 | 3.41 |
| Science - Physics | 0 | 1 | 0 | 0 | 10 | 77 | 77.00 | 0 | 0 | 2.09 | 9.09 |
| Literature - World | 0 | 0 | 0 | 0 | 0 | 0.00 | 0 | 0 | 0.00 | 0.00 | |
| Fine Arts - Other | 0 | 1 | 2 | 0 | 0 | 72 | 72.00 | 1 | 1 | 2.86 | 3.41 |
| Mythology | 0 | 0 | 1 | 0 | -5 | 0.00 | 0 | 0 | 0.00 | 0.00 | |
| History - Other | 0 | 0 | 2 | 0 | -10 | 0.00 | 0 | 0 | 0.00 | 0.00 |